| Tag |
First Indicator |
Second Indicator |
Subfields |
| LEADER |
00000pam a2200000 a 4500 |
| 001 |
in00000090680 |
| 005 |
20151008065744.0 |
| 008 |
810421s1982 mdua b 00110 eng |
| 010 |
|
|
|a 81006081
|
| 020 |
|
|
|a 0876199228 (pbk.) :
|c $9.95
|
| 035 |
|
|
|a (OCoLC)07464568
|
| 035 |
|
|
|9 AAK6517AM
|
| 039 |
0 |
|
|a 2
|b 3
|c 3
|d 3
|e 3
|
| 040 |
|
|
|a DLC
|c DLC
|d TXA
|d UtOrBLW
|
| 049 |
|
|
|a TXAM
|c [1117048]
|
| 050 |
0 |
0 |
|a R726.8
|b M37 1982
|
| 060 |
|
0 |
|a BF 789.D4 M387s
|
| 082 |
0 |
|
|a 362.1/7
|2 19
|
| 100 |
1 |
|
|a Martocchio, Benita C.,
|d 1934-
|
| 245 |
1 |
0 |
|a Living while dying /
|c Benita C. Martocchio.
|
| 264 |
|
1 |
|a Bowie, Md. :
|b R.J. Brady Co.,
|c [1982]
|
| 264 |
|
4 |
|c ©1982
|
| 300 |
|
|
|a viii, 184 pages :
|b illustrations ;
|c 24 cm.
|
| 336 |
|
|
|a text
|b txt
|2 rdacontent
|
| 337 |
|
|
|a unmediated
|b n
|2 rdamedia
|
| 338 |
|
|
|a volume
|b nc
|2 rdacarrier
|
| 504 |
|
|
|a Includes bibliographical references and index.
|
| 650 |
|
0 |
|a Terminal care.
|
| 650 |
|
0 |
|a Terminally ill.
|
| 650 |
|
0 |
|a Nurse and patient.
|
| 650 |
|
2 |
|a Attitude to Death.
|
| 999 |
|
|
|a MARS
|
| 999 |
f |
f |
|s 7d611939-8859-3e33-8f90-61b8ec7a966f
|i 902690d8-c8ca-3a3f-93fd-9ae9d42def4a
|t 0
|
| 952 |
f |
f |
|p ric
|a Texas A&M University
|b Rellis Campus
|c Joint Library Facility
|d Remote Storage
|t 0
|e R726.8 M37 1982
|h Library of Congress classification
|i unmediated -- volume
|m A14806000623
|
| 998 |
f |
f |
|a R726.8 M37 1982
|t 0
|l Remote Storage
|